| 000 | 01201nam a2200265 a 4500 | ||
|---|---|---|---|
| 999 |
_c10964 _d10964 |
||
| 001 | 10964 | ||
| 003 | BD-JhCC | ||
| 005 | 20190708120526.0 | ||
| 008 | 190608s1425 bg |||| |||| 000 0 ben d | ||
| 020 | _a1872932685 | ||
| 035 | _a(BD-JhCC)10964 | ||
| 040 |
_aBD-JhCC _dBD-JhCC |
||
| 041 | _aben | ||
| 082 |
_a891.443 _bBAN 1425 |
||
| 100 | _aবন্দোপাধ্যায়, তারাশঙ্কর | ||
| 245 |
_aতারাশঙ্কর রচনাবলী / _cতারাশঙ্কর বন্দোপাধ্যায়, সম্পাদনায় শ্রীগজেন্দ্রকুমার মিত্র, শ্রীসুমথনাথ ঘোষ এবং শ্রীসনৎকুমার মিত্র |
||
| 260 |
_aকলকাতা : _bমিত্র ও ঘোষ, _c১৪২৫. |
||
| 300 |
_aখন্ড : ১- ২৫ _c২৪ সেমি. |
||
| 650 | _aAnthology | ||
| 650 | _aComplete works | ||
| 700 | _aমিত্র, শ্রীগজেন্দ্রকুমার | ||
| 700 | _aঘোষ, শ্রীসুমথনাথ | ||
| 700 | _aমিত্র, শ্রীসনৎকুমার | ||
| 942 |
_2ddc _cBK |
||